Motýle strednej Európy 1. zväzok Určovanie - rozšírenie a stanovište motýľa - bionómia

Bibliographic Details
Main Authors: Fajčík, Jaroslav (Author), Slamka, František (Author)
Other Authors: Patočka, Jan, 1925-2009 (Translator)
Format: Book
Language:Slovak
PhysicalDescription:113 s., [43] tab. na príl. fotogr., tab., sch. 23 cm
Published: Bratislava František Slamka 1996
ISBN:8096754009
Subjects:

MARC

LEADER 00000nam a2200000 a 4500
001 vtls001277305
003 SK-MaSNL
005 20260301004149.0
008 240313s1996 xo aa r y slo
015 |a SNBA1997/1002737 
020 |a 8096754009 
035 |a SNK000228570 
035 |a urn:nbn:sk:snk-amk3we 
035 |a urn:nbn:sk:snk-am005dr6 
035 |a F5A8D6F0-3D02-4842-8776-312AB22FC569 
040 |a SNK  |b slo  |c SNK  |e AACR2 
041 0 |a slo 
044 |a xo  |c SK 
080 |a 595.78:591.5(4-11)(035)=854=30  |2 1981 
080 |a 591.5  |2 1981 
100 1 |a Fajčík, Jaroslav  |4 aut  |9 10383 
245 1 |a Motýle strednej Európy  |n 1. zväzok  |p Určovanie - rozšírenie a stanovište motýľa - bionómia  |c Jaroslav Fajčík & František Slamka ; [nemecký preklad Jan Patočka] 
246 1 0 |a Die Schmetterlinge Mitteleuropas 
246 1 1 |a Die Schmetterlinge Mitteleuropas 
260 |a Bratislava  |b František Slamka  |c 1996 
300 |a 113 s., [43] tab. na príl.  |b fotogr., tab., sch.  |c 23 cm 
500 |a Súbež. názov a text nem. 
500 |a Údaj o prekl. prevzatý z rubu tit. strany 
504 |a Reg. Bibliogr. s. 104-106 
650 0 7 |a motýle  |2 SNKPH  |9 30304 
650 0 7 |a bionómia  |2 SNKPH  |9 84176 
651 7 |a Európa stredná  |2 SNKPHgeo  |9 23970 
655 7 |a príručky  |2 SNKPH  |9 74364 
700 1 |a Slamka, František  |4 aut  |9 11670 
700 1 |a Patočka, Jan,  |d 1925-2009  |4 trl  |9 37122 
919 |a 80-967540-0-9 
958 |a TL 
958 |a NB 
999 |c 541368  |d 543298 
952 |t P60, <09>, [BOOK], {629}  |a SNK  |b SNK  |y NEVYP  |7 0  |o snkC 475  |i snk902/970228  |0 0  |1 0  |4 0  |d 1997-02-27  |l 0  |r 2005-01-02 00:00:00  |w 2026-02-23 
952 |t P60, <03>, [BOOK], {603}  |a SNK  |b SNK  |y PREZ  |7 0  |p 17A0069875  |o snkSC 93221/1  |i snkKSP 5493/97  |0 0  |1 0  |4 0  |d 1997-06-03  |f 1  |l 0  |r 2025-09-11 00:00:00  |w 2026-02-23 
952 |t P60, <04>, [BOOK], {604}  |a SNK  |b SNK  |y VYP  |7 0  |p 17A0069874  |o snkSC 93221/1 D1  |i snkKSP 5494/97  |0 0  |1 0  |4 0  |d 1997-06-03  |l 0  |r 2005-01-02 00:00:00  |w 2026-02-23